[Event "Main Vogelsberg op 2nd"]
[Site "Grossauheim"]
[Date "2007.06.10"]
[Round "6"]
[White "Vareskic, Mijo"]
[Black "Khrapko, Marko"]
[Result "1-0"]
[WhiteElo "811"]
[BlackElo "1037"]
[PlyCount "69"]
[EventDate "2007.06.07"]
[EventType "swiss"]
[EventRounds "7"]
[EventCountry "GER"]
[SourceTitle "EXT 2008"]
[Source "ChessBase"]
[SourceDate "2007.11.25"]
[SourceVersion "1"]
[SourceVersionDate "2007.11.25"]
[SourceQuality "1"]

1. e4 e5 2. Nf3 Nc6 3. Nc3 Bc5 4. Bc4 d6 5. 0-0 Nf6 6. d3 h6 7. Be3 Bxe3 8. fxe3 Qd7 9. d4 exd4 10. exd4 Ng4 11. Qe2 Nf6 12. Bb5 Qg4 13. h3 Qg6 14. e5 Nd7 15. exd6+ Kd8 16. Bxc6 Re8 17. Ne5 Qe6 18. Bxd7 Bxd7 19. Nxf7+ Kc8 20. Qxe6 Bxe6 21. Rae1 Kd7 22. Ne5+ Kxd6 23. Nb5+ Kd5 24. Nxc7+ Kxd4 25. Nxe8 Rxe8 26. Nf3+ Kd5 27. Rd1+ Kc6 28. Ne5+ Kb6 29. Nd7+ Kc6 30. Ne5+ Kb6 31. Rd6+ Kc5 32. Rxe6 Rd8 33. Nd3+ Kd5 34. Re5+ Kd4 35. Rf4# 1-0